South Korea is keen to put security before risk (Record no. 81545)
[ view plain ]
| 000 -LEADER | |
|---|---|
| fixed length control field | 00858cab a22001935a 4500 |
| 001 - CONTROL NUMBER | |
| control field | L147465 |
| 008 - FIXED-LENGTH DATA ELEMENTS--GENERAL INFORMATION | |
| fixed length control field | 090513e2009 xxk 000 0 eng d |
| 035 ## - SYSTEM CONTROL NUMBER | |
| System control number | (Sirsi) u147465 |
| 041 0# - LANGUAGE CODE | |
| Language code of text/sound track or separate title | eng |
| 110 2# - MAIN ENTRY--CORPORATE NAME | |
| Corporate name or jurisdiction name as entry element | GlobalProperty |
| 9 (RLIN) | 5528 |
| 245 00 - TITLE STATEMENT | |
| Title | South Korea is keen to put security before risk |
| 260 ## - PUBLICATION, DISTRIBUTION, ETC. | |
| Date of publication, distribution, etc. | 2009 |
| 490 #0 - SERIES STATEMENT | |
| Series statement | Global Property |
| Volume/sequential designation | March 2009, 17(1) |
| 520 ## - SUMMARY, ETC. | |
| Summary, etc. | Reports that South Korean banks are poised to become the first in Asia to issue covered bonds, which are ranked among the safest types of debt instruments. There is no law governing covered bonds in South Korea, therefore covered bond structures are likely to operate within the framework of the Korean Asset-Backed Securitization Act. |
| 590 ## - LOCAL NOTE (RLIN) | |
| Local note | KA |
| 651 #4 - SUBJECT ADDED ENTRY--GEOGRAPHIC NAME | |
| Geographic name | South Korea |
| 690 ## - LOCAL SUBJECT ADDED ENTRY--TOPICAL TERM (OCLC, RLIN) | |
| Topical term or geographic name as entry element | PROPERTY-COMMERCIAL PROPERTY-COMMERCIAL PROPERTY FINANCE AND INVESTMENT |
| 942 ## - ADDED ENTRY ELEMENTS (KOHA) | |
| Suppress in OPAC | 0 |
| Withdrawn status | Lost status | Source of classification or shelving scheme | Damaged status | Not for loan | Home library | Current library | Shelving location | Date acquired | Total Checkouts | Full call number | Barcode | Date last seen | Copy number | Price effective from | Koha item type |
|---|---|---|---|---|---|---|---|---|---|---|---|---|---|---|---|
| Dewey Decimal Classification | London | London | Journal article | 13/05/2009 | L147465 | 147465-1001 | 06/08/2019 | 1 | 06/08/2019 | Journal article |